000 00598nam a2200217Ia 4500
003 OSt
005 20220928134729.0
006 a|||||r|||| 00| 0
007 ta
008 220927b |||||||| |||| 00| 0 eng d
024 _a30090
037 _cTextual
040 _aSDCL
_cSDCL
_beng
041 _2eng
_aeng
082 _aX:97, K9.1-.2
100 _aJustin Jules J
_9487994
245 0 _aHow to manage with a union. 2V
260 _aNew York
_b Industrial Relations Workshop Seminars
_c1969
942 _hX:97, K9.1-.2
_cTEXL
_2CC
999 _c802786
_d802786